A vendégmunka típusú migráció magatartásmintái a székelyföldi térségben (2. rész)

Bibliographic Details
Main Author: Bodó, Julianna, 1954- (Author)
Format: Article
Language:Hungarian
Subjects:

MARC

LEADER 00000nab a2200000 ar4500
001 vtls009935037
003 SK-MaSNL
005 20260318124053.0
008 090730c2009 xo |||||||b| |000 b|hun
015 |a SNBRB2009/07  |2 snkbucl 
038 |a SNKBUCL 
040 |a DSZK  |b slo  |c DSZK  |e AACR2 
041 0 |a hun  |b eng 
044 |a xo  |c SK 
080 |a 331.556.4:311.213.3  |2 1997 
080 |a 314.74  |x (498)  |2 1997 
080 |a 311.213.3  |2 1997 
100 1 |a Bodó, Julianna,  |d 1954-  |4 aut  |9 1325118 
245 1 0 |a A vendégmunka típusú migráció magatartásmintái a székelyföldi térségben  |n (2. rész)  |c Bodó Julianna 
504 |a Bibliogr. odkazy 
546 |a Res. angl. 
650 0 7 |a práca v zahraničí  |x pracovná migrácia  |z Rumunsko  |x prieskumy migračné  |2 snkbucl  |9 1325119 
650 0 7 |a pracovná migrácia  |2 snkbucl  |9 2340 
651 7 |a Rumunsko  |2 snkbucl  |9 17409 
655 7 |a štúdie  |2 snkbucl  |9 57033 
773 0 |t Fórum társadalomtudományi szemle  |g Évf. XI, sz. 2 (2009), o. 41-58  |x 1335-4361 
852 |a SNK  |b KIS3GCP 
852 |a DSZK  |b KIS3GCP 
958 |a HU 
958 |a RO 
958 |a NB 
999 |c 2674821  |d 2676751